000 01644nam a2200229Ia 4500
003 OSt
005 20240910090155.0
008 220201t1998||||xx |||||||||||||| ||und||
020 _a970-10-1905-9
040 _aBoOrUTOFe
_bEs
_cBCE
044 _aMX
082 _a 658
_bG71i
100 _aGonzález, González Carlos
245 0 _aIso 9000, Qs 9000, Iso 14000 Normas internacionales de administración de calidad, sistemas de calidad y sistemas ambientales
260 _aMéxico:
_bMcGraw-Hil,
_c1998
300 _ap.
_bilus.
_c22 cm
500 _aIncluye Anexos. Incluye Glosario Ambiental. Incluye Índice
520 _aBosquejo histórico, estructura de ISO y consejos de acreditamiento, la familia de normas Iso 9000, una verdadera guía la norma internacional Iso 9000-1, guía para la aplicación de Iso 9001, Iso 9002 e Iso 9003, norma de aplicación de un programa de administración de la dependibilidad, norma internacional Iso 9002-94 sistemas de calidad-modelo para aseguramiento de la calidad en producción, sistemas de calidad modelo para aseguramiento de la calidad en inspección final y prueba, norma internacional Iso 9004-1-1994 administración de calidad y elementos de siatemas de calidad-lineamientos, norma internacional Iso 9004-4 administraciónde calidad y elementos de sistema de calidad parte 4: lineamientos para el mejoramiento de la calidad, norma internacional Iso 10012-1-1991, dimensiones y tolerancias geométricas, análisis de modo y efecto de falla (AMEF),normas Iso 1400 sistemas de administración ambiental
650 _aADMINISTRACION - CALIDAD
655 _aLibros de Texto
942 _cLI
_2ddc
999 _c12637
_d12637